000
00318nam a22001457a 4500
008
221031b ||||| |||| 00| 0 eng d
020
_a
0684179636
041
_a
eng
080
_a
53
082
_a
53 TRE
100
_a
20.1
101
_a
FIZIK
245
_a
THE MOMENT OF CREATION
_c
TREFIL JAMES
942
_2
udc
_c
BK
999
_c
58701
_d
58701